| 000 | 01123cam a22002413a 4500 | ||
|---|---|---|---|
| 001 | 6768 | ||
| 003 | PGUSA | ||
| 005 | 20140828083136.0 | ||
| 008 | 041001s2004||||xxu|||||s|||||000 | eng d | ||
| 040 |
_aPGUSA _beng |
||
| 042 | _adc | ||
| 050 | 4 | _aPR | |
| 100 | 1 |
_aWodehouse, P. G. _q(Pelham Grenville), _d1881-1975 |
|
| 245 | 1 | 4 |
_aThe Man Upstairs and other stories _h[electronic resource] / _cP. G. Wodehouse |
| 260 |
_bProject Gutenberg, _c2004 |
||
| 505 | 0 | _aThe Man Upstairs -- Something To Worry About -- Deep Waters -- When Doctors Disagree -- By Advice Of Counsel -- Rough-Hew Them How We Will -- The Man Who Disliked Cats -- Ruth In Exile -- Archibald's Benefit -- The Man, The Maid, And The Miasma -- The Good Angel -- Pots O' Money -- Out Of School -- Three From Dunsterville -- The Tuppenny Millionaire -- Ahead Of Schedule -- Sir Agravaine -- The Goal-Keeper And The Plutocrat -- In Alcala. | |
| 506 | _aPublic domain in the USA. | ||
| 516 | _aElectronic text | ||
| 653 | _aHumorous stories, English | ||
| 830 | 0 |
_aProject Gutenberg _v6768 |
|
| 856 | 4 | 0 | _uhttp://www.gutenberg.org/ebooks/6768 |
| 942 | _cEB | ||
| 999 |
_c236088 _d236088 |
||